Statistics for Highest Grossing Movies of 2001

Click here to take the quiz!

General Stats

  • This quiz has been taken 65 times
  • The average score is 8 of 40

Answer Stats

RankGrossMovieCompany% Correct
3$577,400,000Monsters, Inc.Disney – Pixar
83%
1$974,800,000Harry Potter and the Philosopher's StoneWarner Bros. Pictures
72%
4$484,400,000ShrekDreamWorks Pictures
72%
2$871,500,000The Lord of the Rings: The Fellowship of the RingNew Line Cinema
69%
16$235,900,000A.I. Artificial IntelligenceWarner Bros. – DreamWorks
41%
22$179,200,000Moulin Rouge!20th Century Fox
41%
12$313,000,000A Beautiful MindUniversal Pictures – DreamWorks
38%
5$450,700,000Ocean's ElevenWarner Bros. Pictures
38%
38$104,500,000Training DayWarner Bros. Pictures
38%
9$362,200,000Planet of the Apes20th Century Fox
31%
19$203,400,000Vanilla SkyParamount Pictures
31%
24$173,000,000Black Hawk DownColumbia Pictures
28%
10$351,700,000HannibalMetro-Goldwyn-Mayer – Universal
28%
13$287,500,000American Pie 2Universal Pictures
24%
31$141,200,000Scary Movie 2Dimension Films
21%
8$368,800,000Jurassic Park IIIUniversal Pictures
17%
18$207,300,000The Fast and the FuriousUniversal Pictures
17%
7$433,000,000The Mummy ReturnsUniversal Pictures
14%
36$113,000,000The ScoreParamount Pictures
14%
15$274,700,000Lara Croft: Tomb RaiderParamount Pictures
10%
6$449,200,000Pearl HarborTouchstone Pictures
10%
17$209,900,000The OthersDimension Films
10%
14$281,900,000Bridget Jones's DiaryUniversal Pictures
7%
26$147,900,000Spy KidsDimension Films
7%
35$117,500,000A Knight's TaleColumbia Pictures
3%
21$186,100,000Atlantis: The Lost EmpireWalt Disney Pictures
3%
23$176,100,000Dr. Dolittle 220th Century Fox
3%
39$103,000,000Jimmy Neutron: Boy GeniusParamount Pictures – Nickelodeon
3%
30$141,800,000Legally BlondeMetro-Goldwyn-Mayer
3%
11$347,300,000Rush Hour 2New Line Cinema
3%
32$141,100,000Shallow Hal20th Century Fox
3%
37$105,200,000Along Came a SpiderParamount Pictures
0%
33$138,200,000America's SweetheartsColumbia Pictures
0%
20$200,700,000Cats & DogsWarner Bros. Pictures
0%
40$100,000,000Don't Say a Word20th Century Fox
0%
34$131,700,000Save the Last DanceParamount Pictures
0%
29$143,000,000Spy GameUniversal Pictures
0%
28$147,100,000SwordfishWarner Bros. Pictures
0%
27$147,800,000The MexicanDreamWorks Pictures
0%
25$165,300,000The Princess DiariesWalt Disney Pictures
0%

Score Distribution

Percentile by Number Answered

Percent of People with Each Score

Your Score History

You have not taken this quiz